[Event "POL-chT U20 2nd League"]
[Site "Szczyrk"]
[Date "2017.07.29"]
[Round "10.32"]
[White "Fiszer, Bartosz"]
[Black "Norek, Maciej"]
[Result "1-0"]
[WhiteElo "1767"]
[BlackElo "1326"]
[PlyCount "79"]
[EventDate "2017.07.22"]
[EventType "team-swiss"]
[EventRounds "11"]
[EventCountry "POL"]
[SourceTitle "EXT 2019"]
[Source "ChessBase"]
[SourceDate "2018.10.10"]
[SourceVersion "1"]
[SourceVersionDate "2018.10.10"]
[SourceQuality "1"]

1. e4 Nf6 2. e5 Nd5 3. d4 d6 4. Nf3 g6 5. Bc4 c6 6. Bb3 Bg7 7. c4 Nc7 8. h3 b5 9. Nc3 Bb7 10. Be3 bxc4 11. Bxc4 d5 12. Bd3 Ne6 13. b4 Nd7 14. 0-0 0-0 15. a3 f6 16. exf6 Bxf6 17. h4 Ng7 18. h5 gxh5 19. Qc2 e5 20. Bxh7+ Kh8 21. Qg6 exd4 22. Qh6 Rf7 23. Bg6+ Kg8 24. Bxf7+ Kxf7 25. Bxd4 Bxd4 26. Nxd4 Ne5 27. Rfe1 Ng4 28. Qxg7+ Kxg7 29. Ne6+ Kf7 30. Nxd8+ Rxd8 31. Rad1 Ba6 32. Rd4 Bc4 33. f3 Nf6 34. Rf4 Kg6 35. Re6 Rf8 36. Rxc6 Kg5 37. g3 Nd7 38. Rxf8 Nxf8 39. Nxd5 Bxd5 40. Rc5 1-0

[Event "POL-chT U20 2nd League"]
[Site "Szczyrk"]
[Date "2017.07.25"]
[Round "5.68"]
[White "Norek, Maciej"]
[Black "Szydelko, Michal"]
[Result "1-0"]
[WhiteElo "1326"]
[BlackElo "1756"]
[PlyCount "85"]
[EventDate "2017.07.22"]
[EventType "team-swiss"]
[EventRounds "11"]
[EventCountry "POL"]
[SourceTitle "EXT 2019"]
[Source "ChessBase"]
[SourceDate "2018.10.10"]
[SourceVersion "1"]
[SourceVersionDate "2018.10.10"]
[SourceQuality "1"]

1. e4 e5 2. Nf3 Nf6 3. Nxe5 d6 4. Nf3 Nxe4 5. d4 d5 6. Bd3 Bd6 7. c4 c6 8. 0-0 0-0 9. Nc3 Nxc3 10. bxc3 Qc7 11. h3 h6 12. Re1 Be6 13. c5 Be7 14. Qe2 Bf6 15. Nh2 Nd7 16. f4 Nxc5 17. dxc5 Bxc3 18. Be3 Bxa1 19. Rxa1 Rfe8 20. Qd2 Rad8 21. f5 Bxf5 22. Bxf5 Qe5 23. Rb1 Qxf5 24. Rxb7 Rb8 25. Rxb8 Rxb8 26. Ng4 Rb1+ 27. Kh2 h5 28. Nf2 Qe5+ 29. Bf4 Qf5 30. Nd3 f6 31. Bd6 Qe4 32. Nf2 Qf5 33. Qe2 Rb4 34. Nh1 h4 35. Nf2 Rb1 36. Ng4 Qe4 37. Qf2 Rc1 38. Qxh4 Rc2 39. Qg3 Kh8 40. a3 d4 41. Qh4+ Kg8 42. Nxf6+ gxf6 43. Qxe4 1-0

[Event "POL-chT U20 2nd League"]
[Site "Szczyrk"]
[Date "2017.07.24"]
[Round "4.62"]
[White "Norek, Maciej"]
[Black "Sloniewski, Michal"]
[Result "0-1"]
[WhiteElo "1326"]
[BlackElo "1682"]
[PlyCount "62"]
[EventDate "2017.07.22"]
[EventType "team-swiss"]
[EventRounds "11"]
[EventCountry "POL"]
[SourceTitle "EXT 2019"]
[Source "ChessBase"]
[SourceDate "2018.10.10"]
[SourceVersion "1"]
[SourceVersionDate "2018.10.10"]
[SourceQuality "1"]

1. e4 d5 2. exd5 Nf6 3. d4 Nxd5 4. c4 Nb6 5. Nc3 e5 6. dxe5 Qxd1+ 7. Kxd1 Nc6 8. Bf4 Be6 9. b3 Ba3 10. Nge2 0-0-0+ 11. Ke1 Nb4 12. Rc1 Nd3+ 13. Kd2 Nxc1+ 14. Ke3 Bc5+ 15. Kf3 Nd3 16. Ne4 h6 17. h4 g5 18. hxg5 hxg5 19. Rxh8 Ne1+ 20. Kg3 gxf4+ 21. Nxf4 Rxh8 22. Nxc5 Bf5 23. a4 Nd7 24. Nxd7 Kxd7 25. Be2 Nc2 26. Bf3 c6 27. c5 Nd4 28. b4 Rg8+ 29. Kh2 Nxf3+ 30. gxf3 Bc2 31. a5 Bd1 0-1

[Event "POL-chT U20 2nd League"]
[Site "Szczyrk"]
[Date "2017.07.22"]
[Round "1.38"]
[White "Karykowska, Anna"]
[Black "Norek, Maciej"]
[Result "1-0"]
[WhiteElo "1838"]
[BlackElo "1326"]
[PlyCount "77"]
[EventDate "2017.07.22"]
[EventType "team-swiss"]
[EventRounds "11"]
[EventCountry "POL"]
[SourceTitle "EXT 2019"]
[Source "ChessBase"]
[SourceDate "2018.10.10"]
[SourceVersion "1"]
[SourceVersionDate "2018.10.10"]
[SourceQuality "1"]

1. e4 c5 2. Nf3 d6 3. d4 cxd4 4. Nxd4 Nf6 5. Nc3 a6 6. Bc4 e6 7. Bb3 Bd7 8. 0-0 Nc6 9. Re1 Qc7 10. Nxc6 Bxc6 11. Nd5 Bxd5 12. exd5 e5 13. c4 Be7 14. Ba4+ Nd7 15. Qg4 Bf6 16. Be3 Rd8 17. Rac1 0-0 18. b4 Be7 19. Bh6 Bf6 20. Re3 Kh8 21. Bc2 Rg8 22. Qe4 Nf8 23. Rf3 Ng6 24. Be3 Rc8 25. Bb1 Rgd8 26. Rh3 b5 27. Qg4 Kg8 28. Bf5 Rb8 29. Qh5 bxc4 30. Qxh7+ Kf8 31. Bxg6 fxg6 32. Qxg6 Rxb4 33. Bg5 Bxg5 34. Qxg5 Kg8 35. Qg6 Qb7 36. Qh7+ Kf8 37. Qh8+ Ke7 38. Qxg7+ Ke8 39. Rh8# 1-0

[Event "POL-chT U19 2nd League"]
[Site "Iwonicz"]
[Date "2016.07.31"]
[Round "9.51"]
[White "Gozdzicki, Maciej"]
[Black "Norek, Maciej"]
[Result "1-0"]
[WhiteElo "1514"]
[BlackElo "1200"]
[PlyCount "125"]
[EventDate "2016.07.23"]
[EventType "team-swiss"]
[EventRounds "11"]
[EventCountry "POL"]
[SourceTitle "EXT 2019"]
[Source "ChessBase"]
[SourceDate "2018.10.10"]
[SourceVersion "1"]
[SourceVersionDate "2018.10.10"]
[SourceQuality "1"]
[WhiteTeam "Strzelce Krajenskie STMGK U19"]
[BlackTeam "Gliwice Akademia Szachowa U19"]
[WhiteTeamCountry "POL"]
[BlackTeamCountry "POL"]

1. d4 Nf6 2. Nf3 e6 3. Bg5 Be7 4. c4 b6 5. e3 Bb7 6. Be2 d6 7. 0-0 Nbd7 8. Nc3 0-0 9. Qc2 c5 10. Rfd1 Qc7 11. Rac1 Rad8 12. h3 Rfe8 13. Bf4 Nf8 14. b3 Qc8 15. dxc5 bxc5 16. e4 Ng6 17. Bh2 e5 18. Nd2 Qa8 19. f3 Nh5 20. Nf1 Nhf4 21. Rb1 a5 22. Ne3 Ne6 23. Ned5 Nd4 24. Qd2 f5 25. Nc7 Qc8 26. Nxe8 Rxe8 27. Bd3 Nh4 28. Qf2 Rf8 29. Bg3 Qd8 30. Nd5 Bxd5 31. cxd5 f4 32. Bh2 Bg5 33. Kh1 h5 34. Bg1 Qd7 35. Qf1 Bh6 36. Bxd4 cxd4 37. Bb5 Qd8 38. Rbc1 g5 39. Ba6 Qd7 40. Qb5 Qg7 41. Rc8 g4 42. Rxf8+ Qxf8 43. Rc1 Qf7 44. Rc8+ Bf8 45. Qf1 Qa7 46. Be2 d3 47. Bxd3 Qe3 48. Be2 g3 49. Bb5 Qd2 50. a4 Qb2 51. Ra8 Qd2 52. Be8 Qb2 53. Rxa5 Qxb3 54. Ra8 Qb7 55. Bc6 Qb2 56. a5 Kg7 57. a6 Nxf3 58. Ra7+ Kg6 59. Rb7 Qd2 60. a7 Nh4 61. a8Q f3 62. Qe8+ Kg5 63. Qd8+ 1-0

[Event "POL-chT U19 2nd League"]
[Site "Iwonicz"]
[Date "2016.07.31"]
[Round "1.87"]
[White "Norek, Maciej"]
[Black "Hasterok, Lukasz"]
[Result "1-0"]
[WhiteElo "1200"]
[BlackElo "1185"]
[PlyCount "55"]
[EventDate "2016.07.23"]
[EventType "team-swiss"]
[EventRounds "11"]
[EventCountry "POL"]
[SourceTitle "EXT 2019"]
[Source "ChessBase"]
[SourceDate "2018.10.10"]
[SourceVersion "1"]
[SourceVersionDate "2018.10.10"]
[SourceQuality "1"]
[WhiteTeam "Gliwice Akademia Szachowa U19"]
[BlackTeam "Strzelce Opolskie Adamietz U19"]
[WhiteTeamCountry "POL"]
[BlackTeamCountry "POL"]

1. e4 c6 2. d4 d5 3. e5 c5 4. Nf3 Bg4 5. Be2 Nc6 6. Be3 cxd4 7. Bxd4 e6 8. 0-0 g6 9. h3 Bxf3 10. Bxf3 Bg7 11. Re1 Qc7 12. c4 Nxd4 13. Qxd4 dxc4 14. Na3 Rd8 15. Qe4 b6 16. Nb5 Qb8 17. Qf4 Nh6 18. Nd6+ Kf8 19. Bg4 Nf5 20. Bxf5 exf5 21. Qxc4 Rd7 22. f4 Qc7 23. Qa6 Ke7 24. Rac1 Qb8 25. Red1 Rhd8 26. Qa3 Ke6 27. Qb3+ Ke7 28. Qxf7# 1-0

[Event "POL-chT U19 2nd League"]
[Site "Iwonicz"]
[Date "2016.07.31"]
[Round "4.51"]
[White "Syrkiewicz, Michal"]
[Black "Norek, Maciej"]
[Result "1-0"]
[WhiteElo "1389"]
[BlackElo "1200"]
[PlyCount "65"]
[EventDate "2016.07.23"]
[EventType "team-swiss"]
[EventRounds "11"]
[EventCountry "POL"]
[SourceTitle "EXT 2019"]
[Source "ChessBase"]
[SourceDate "2018.10.10"]
[SourceVersion "1"]
[SourceVersionDate "2018.10.10"]
[SourceQuality "1"]
[WhiteTeam "Zielonka Zieloni U20"]
[BlackTeam "Gliwice Akademia Szachowa U19"]
[WhiteTeamCountry "POL"]
[BlackTeamCountry "POL"]

1. c4 e5 2. g3 Nf6 3. Bg2 d5 4. cxd5 Nxd5 5. Nc3 Nb6 6. d3 Nc6 7. Be3 Be6 8. Nf3 Bd6 9. 0-0 0-0 10. h3 Qd7 11. Kh2 Rae8 12. Qd2 f5 13. Ng5 f4 14. Nxe6 Qxe6 15. Bxb6 axb6 16. Bd5 Rf6 17. Bxe6+ Rexe6 18. Ne4 Rh6 19. Rae1 Bb4 20. Nc3 g5 21. a3 Bd6 22. Ne4 Be7 23. gxf4 exf4 24. Rg1 Reg6 25. f3 Rh4 26. Rg4 Rh5 27. d4 Na5 28. Qc3 Rc6 29. Qd3 Rch6 30. Nf2 Nc6 31. Qe4 Kf7 32. b4 Bf6 33. Rd1 1-0